Ч. 2. Линейная алгебра; Введение в алгебру

Bibliographic Details
Parent link:Введение в алгебру: Учебник/ А. И. Кострикин. Ч. 2. Линейная алгебра.— , 2000-.— 5-9221-0016-5
Language:Russian
Published: 2000
Subjects:
Format: Book
KOHA link:https://koha.lib.tpu.ru/cgi-bin/koha/opac-detail.pl?biblionumber=14200

MARC

LEADER 00000nam2a2200000 4500
001 14200
005 20231030185455.0
010 |a 5922100181 
035 |a (RuTPU)RU\TPU\book\14290 
035 |a BOOK00014358 
090 |a 14200 
100 |a 20011209d2000 m y0rusy50 ca 
101 0 |a rus 
102 |a RU 
105 |a y j 000zy 
200 0 |a Ч. 2. Линейная алгебра 
210 |d 2000 
215 |a 368 с. 
461 1 |0 (RuTPU)RU\TPU\book\68707  |y 5-9221-0016-5  |t Введение в алгебру  |o Учебник  |f А. И. Кострикин  |v Ч. 2. Линейная алгебра  |d 2000- 
610 1 |a алгебра 
610 1 |a линейная алгебра 
610 1 |a пространства 
610 1 |a формы 
610 1 |a линейные операторы 
610 1 |a квадрики 
610 1 |a тензоры 
610 1 |a приложения 
610 1 |a упражнения 
610 1 |a учебные пособия 
675 |a 512(075.8)  |v 3 
801 0 |a RU  |b 63413507  |c 20011209  |g PSBO 
801 2 |a RU  |b 63413507  |c 20080611  |g PSBO 
900 |a Аналитическая геометрия и линейная алгебра 
900 |a Математика 
942 |c BK